Top Countries of Naturalized US Citizens Quiz Stats

 Plays Quiz Updated Nov 14, 2012

Challenge
Share
Tweet
Embed
Score 0/26 Timer 03:00
3 Plays Today
Number Country % Correct
94,783 Mexico
99%
32,864China
97.9%
9,318 Canada
94.5%
10,251 Brazil
89.5%
45,985 India
87.1%
8,257 Russia
84.3%
9,246 United Kingdom
81.8%
21,071 Cuba
80.2%
12,664 South Korea
72.6%
22,693 Colombia
72.1%
20,922 Vietnam
68.5%
14,191 Haiti
64.2%
10,266 Peru
63.9%
Number Country % Correct
10,655 Pakistan
62.9%
14,591 Jamaica
62.9%
20,508 Dominican Republic
61.3%
7,285 Guatemala
58.2%
9,286 Iran
54.6%
42,520 Philippines
52.4%
13,834 El Salvador
49.1%
9,344 Nigeria
45.2%
8,844 Poland
43.7%
7,325 Bangladesh
32.3%
8,489 Ukraine
29.5%
8,519 Ethiopia
27.6%
7,971 Somalia
21.3%

You're not logged in!

Compare scores with friends on all Sporcle quizzes.
Join for Free
OR
Log In

Show Comments

Extras

Top Quizzes Today


Score Distribution

Your Account Isn't Verified!

In order to create a playlist on Sporcle, you need to verify the email address you used during registration. Go to your Sporcle Settings to finish the process.

Report this User

Report this user for behavior that violates our Community Guidelines.

Details: